000 01487cam a22003251i 4500
003 SA-RiAUC
005 20241204141946.0
008 241203s2013 le g 000 0 ara c
020 _a2745142747
040 _aSA-JeALM
_bara
_cSA-RiAUC
_erda
082 0 4 _a251
_qSA-RiAUC
090 _a251
_b خ ط ي
100 1 _aالخطيب، أحمد بن عبد اللطيف،
_dتوفي 1306 هجري
_eمؤلف.
245 1 0 _aحاشية النفحات على شرح الورقات /
_cأحمد بن عبد اللطيف الخطيب الجاوي الشافعي.
246 3 0 _aالنفحات على شرح الورقات
264 1 _aبيروت :
_bدار الكتب العلمية،
_c2004
300 _a328 صفحة ؛
_c17 × 24 سم
336 _aنص
_btxt
_2rdacontent
_3كتاب
337 _aبدون وسيط
_bn
_2rdamedia
338 _aمجلد
_bnc
_2rdacarrier
563 _aكرتون أبيض.
650 7 _aأصول الفقه الإسلامي
_2aucsh
700 1 2 _aجلال الدين المحلي، محمد بن أحمد بن محمد،
_d791-864 هجري
_tشرح الورقات في أصول الفقه.
700 1 2 _aإمام الحرمين، عبد الملك بن عبد الله بن يوسف،
_d419-478 هجري
700 _aهاشم, محمد سالم.
_dتخريج
740 0 2 _aشرح الورقات في أصول الفقه.
740 2 2 _aالورقات في أصول الفقه.
942 _2ddc
_cBOOK
_n0
949 _aSA-JeALM
_d241203
_umohamedma123
_n1
999 _c3029
_d3029